Elogio de Quito / (Record no. 185865)

MARC details
000 -LEADER
campo de control de longitud fija 00903nam a2200229 i 4500
001 - NÚMERO DE CONTROL
campo de control 185865
003 - IDENTIFICADOR DE NÚMERO DE CONTROL
campo de control ES-MaACL
005 - FECHA Y HORA DE LA ÚLTIMA TRANSACCIÓN
campo de control 20240524183634.0
008 - DATOS DE LONGITUD FIJA--INFORMACIÓN GENERAL
campo de control de longitud fija 160817s1950 sp |||| | spa d
100 1# - ENTRADA PRINCIPAL--NOMBRE DE PERSONA
Nombre de persona La Orden Miracle, Ernesto.
9 (RLIN) 69171
245 10 - MENCIÓN DEL TÍTULO
Título Elogio de Quito /
Mención de responsabilidad, etc. por Ernesto La Orden Miracle ; prólogo del Márques de Lozoya.
260 ## - PUBLICACIÓN, DISTRIBUCIÓN, ETC.
Lugar de publicación, distribución, etc. Madrid :
Nombre del editor, distribuidor, etc. Cultura Hispánica,
Fecha de publicación, distribución, etc. 1950.
300 ## - DESCRIPCIÓN FÍSICA
Extensión 122 p., 216 p. de lám. :
Otras características físicas principalmente il., plano ;
Dimensiones 29 cm.
490 1# - MENCIÓN DE SERIE
Mención de serie Cuadernos de arte ;
Designación de volumen o secuencia 1
546 ## - NOTA DE IDIOMA
Nota de lengua/lenguaje Texto en español y traducción en inglés.
651 #7 - PUNTO DE ACCESO ADICIONAL DE MATERIA--NOMBRE GEOGRÁFICO
Nombre geográfico Quito (Ecuador)-
Subdivisión de forma Guías turísticas
Fuente del encabezamiento o término
9 (RLIN) 160496
651 #7 - PUNTO DE ACCESO ADICIONAL DE MATERIA--NOMBRE GEOGRÁFICO
Nombre geográfico Quito (Ecuador)-
Subdivisión de forma Obras ilustradas
Fuente del encabezamiento o término
9 (RLIN) 172692
700 1# - ENTRADA AGREGADA--NOMBRE PERSONAL
Nombre de persona Lozoya, Juan de Contreras y López de Ayala,
Títulos y otros términos asociados al nombre Marqués de,
Fechas asociadas al nombre 1893-1978
9 (RLIN) 129112
830 1# - PUNTO DE ACCESO ADICIONAL DE SERIE-TÍTULO UNIFORME
Título uniforme Cuadernos de arte
Designación de volumen o secuencia 1
9 (RLIN) 183754
852 ## - LOCALIZACIÓN
Ubicación ES-MaACL
Número de control de estantería C-31473
Holdings
Estatus retirado Estado de pérdida Estado de daño No para préstamo Biblioteca de origen Biblioteca actual Ubicación en estantería Fecha de adquisición Fuente de adquisición Total de préstamos Signatura topográfica completa Código de barras Visto por última vez Precio de reemplazo Tipo de ítem Koha
        Biblioteca del Ateneo de Madrid Biblioteca del Ateneo de Madrid Depósito 2 17/08/2016     C-31473 1195925 23/02/2023 23/02/2023 Libro impreso